Elecciones y problemática nacional

Uloženo v:
Podrobná bibliografie
Médium: Text
Témata:
Tagy: Přidat tag
Žádné tagy, Buďte první, kdo vytvoří štítek k tomuto záznamu!

MARC

LEADER 00000 a a2200000 04500
001 6629
003
040
245 |a Elecciones y problemática nacional  
650 |a ELECCIONES  
650 |a PARTIDOS POLITICOS  
650 |a CONDICIONES SOCIALES  
773 |g volumen 23, número 1033; páginas 4-5  
999 |c 37180  |d 37180